Contribution of yoshimura kiln to household's income in community forestry in leay bo commune tram kok district takeo province, វិភាគទានធ្យូងយូស៊ីមូរ៉ា លើប្រាក់ចំណូលប្រជាជនក្នុងសហគមន៏ព្រៃឈើ ឃុំលាយបូរ ស្រុកត្រាំកក់ ខេត្តតាកែវ (Record no. 3312)

000 -LEADER
fixed length control field 00771nam a22001577a 4500
003 - CONTROL NUMBER IDENTIFIER
control field OSt
005 - DATE AND TIME OF LATEST TRANSACTION
control field 20151111143740.0
008 - FIXED-LENGTH DATA ELEMENTS--GENERAL INFORMATION
fixed length control field 151111b xxu||||| |||| 00| 0 eng d
040 ## - CATALOGING SOURCE
Transcribing agency RUA
082 ## - DEWEY DECIMAL CLASSIFICATION NUMBER
Classification number FOR IN 2006 B132 Or.1
100 ## - MAIN ENTRY--PERSONAL NAME
9 (RLIN) 3557
Personal name IN, SOPHEAK.
245 ## - TITLE STATEMENT
Title Contribution of yoshimura kiln to household's income in community forestry in leay bo commune tram kok district takeo province, វិភាគទានធ្យូងយូស៊ីមូរ៉ា លើប្រាក់ចំណូលប្រជាជនក្នុងសហគមន៏ព្រៃឈើ ឃុំលាយបូរ ស្រុកត្រាំកក់ ខេត្តតាកែវ
260 ## - PUBLICATION, DISTRIBUTION, ETC. (IMPRINT)
Place of publication, distribution, etc. Phnom Penh
Name of publisher, distributor, etc. RUA
Date of publication, distribution, etc. 2006
300 ## - PHYSICAL DESCRIPTION
Extent ix; 43p.
Other physical details ill.
Dimensions 29cm.
942 ## - ADDED ENTRY ELEMENTS (KOHA)
Source of classification or shelving scheme
Koha item type FOR
Holdings
Price effective from Date last seen Permanent Location Not for loan Date acquired Source of classification or shelving scheme Koha item type Barcode Lost status Damaged status Shelving location Withdrawn status Current Location Full call number
2015-11-112015-11-11Library Block B 2015-11-11 FORRUA028753  B132 Library Block BFOR IN 2006 B132 Or.1
2015-11-112015-11-11Library Block B 2015-11-11 FORRUA028897  B132 Library Block BFOR IN 2006 B132 Or.3
2015-11-112015-11-11Library Block B 2015-11-11 FORRUA028466  B132 Library Block BFOR IN 2006 B132 Or.4
2015-11-112015-11-11Library Block B 2015-11-11 FORRUA028969  B132 Library Block BFOR IN 2006 B132 Or.5
2015-11-112015-11-11Library Block B 2015-11-11 FORRUA028086  B132 Library Block BFOR IN 2006 B132 Or.6
មជ្ឈមណ្ឌលឯការនៃសាកលវិទ្យាល័យភូមិន្ទកសិកម្មចំការដូង

Powered by Koha